Cities Italian Clubs Won the UCL final in - Statistics

General Stats
  • This quiz has been taken 15 times
  • The average score is 4 of 9
Answers on the Grid
Answers color-coded by a green-red scale on the quiz's grid according to % correct below.
Amsterdam
Athens
Barcelona
Berlin
Brussels
Copenhagen
Istanbul
Lisbon
London
Madrid
Manchester
Milan
Munich
Paris
Rome
Vienna
 
Answer Stats
Answer % Correct
Manchester
86%
Madrid
71%
Athens
57%
Brussels
43%
Milan
43%
Rome
43%
London
29%
Barcelona
14%
Vienna
14%
No matching quizzes found
Score Distribution
Percent of People with Each Score
Percentile by Number Answered
Your Score History
You have not taken this quiz